The Big Comedian Picture Quiz! - Statistics

General Stats
  • This quiz has been taken 30 times
  • The average score is 48 of 120
Answer Stats
Picture Answer % Correct
Rowan Atkinson
93%
Eddie Murphy
89%
Kevin Hart
89%
Jim Carrey
85%
Ricky Gervais
85%
John Cleese
81%
Robin Williams
78%
Russell Brand
78%
Chris Rock
74%
Alan Carr
70%
Jimmy Carr
70%
Jo Brand
70%
Miranda Hart
67%
David Mitchell
63%
Noel Fielding
63%
Sarah Silverman
63%
Jack Whitehall
59%
Jimmy Fallon
59%
Johnny Vegas
59%
Steve Coogan
56%
Alan Davies
52%
Billy Connolly
52%
Dave Chappelle
52%
Greg Davies
52%
Richard Ayoade
52%
Rob Brydon
52%
Ronnie Corbett
52%
Stewart Lee
52%
Tim Key
52%
Tim Vine
52%
Alex Horne
48%
Al Murray
48%
Bill Burr
48%
Bob Mortimer
48%
Doc Brown
48%
Harry Hill
48%
Jack Dee
48%
Jon Richardson
48%
Lee Mac
48%
Peter Kay
48%
Robert Webb
48%
Romesh Ranganathan
48%
Sarah Millican
48%
Sarah Pascoe
48%
Seth McFarlane
48%
Tom Allen
48%
Bill Bailey
44%
James Acaster
44%
Joe Lycett
44%
Nish Kumar
44%
Paul Sinha
44%
Phil Jupitus
44%
Phil Wang
44%
Ronnie Barker
44%
Sean Lock
44%
Stephen Merchant
44%
Tim Minchin
44%
Vic Reeves
44%
Frank Skinner
41%
Ian Hislop
41%
Katherine Ryan
41%
Michael McIntyre
41%
Rhod Gilbert
41%
Rob Beckett
41%
Roy Chubby Brown
41%
Russell Howard
41%
Sue Perkins
41%
Frankie Boyle
37%
Hugh Dennis
37%
Lee Evans
37%
Paul Merton
37%
Dara O'Briain
33%
Jason Manford
33%
Joe Wilkinson
33%
John Oliver
33%
Josh Widdicombe
33%
Milton Jones
33%
Paul Smith
33%
Holly Walsh
30%
Miles Jupp
30%
Rose Matefeo
30%
Diane Morgan
26%
Gabriel Iglesias
26%
Henning Wehn
26%
Kevin Bridges
26%
Micky Flanagan
26%
Ross Noble
26%
Seann Walsh
26%
Alasdair Beckett-King
22%
Bo Burnham
22%
Ed Byrne
22%
Fern Brady
22%
John Bishop
22%
John Cooper Clarke
22%
Adam Hills
19%
Andy Hamilton
19%
Andy Parsons
19%
Aziz Anzari
19%
Chris Addison
19%
Ed Gamble
19%
Elis James
19%
Ivo Graham
19%
Rhys James
19%
Russell Kane
19%
Zoe Lyons
19%
Daniel Sloss
15%
Mark Watson
15%
Paul Foot
15%
Danny Bhoy
11%
Dylan Moran
11%
Gary Delaney
11%
Hal Cruttenden
11%
Adam Rowe
7%
Alun Cochrane
7%
Andi Osho
7%
Chris McCausland
7%
Jay Foreman
7%
Stewart Francis
7%
Angela Barnes
4%
David Doeherty
0%
No matching quizzes found
Score Distribution
Percent of People with Each Score
Percentile by Number Answered
Your Score History
You have not taken this quiz